SIGPLAN Notices

Na minha lista:
Detalhes bibliográficos
Formato: Periódico
Publicado em: 1992
Tags: Adicionar Tag
Sem tags, seja o primeiro a adicionar uma tag!

MARC

LEADER 00000nas a22000003a 4500
001 stu70049
005 20141121233926.2
008 011106s1992----------------------------d
040 |a STU  |b slo 
041 0
245 |a SIGPLAN Notices 
260 |c 1992 
500 |a 1992 
500 |a 1-12 
773 0 |t SIGPLAN Notices :  |w stu_us_cat*stu60260  |x 0362-1340  |7 nnas 
996 |d Vol. 27, 1992  |v Vol. 27  |y 1992  |l EE0103  |s A  |a 24  |w stu70049_0001